Historia - quiz wielokrotnego wyboru #2 - Statystyki

Ogólne statystyki
  • Ten quiz został rozwiązany 1 367 razy
  • Średni wynik to 8 z 15
Statystyki odpowiedzi
Zagadnienie Odpowiedź % Poprawnych
Co było stolicą Cesarstwa Bizantyjskiego? Konstantynopol
94%
Czym było wydarzenie tunguskie z 1908 roku? Gigantyczna eksplozja na Syberii prawdopodobnie spowodowana uderzeniem meteoru
78%
Co robił Abraham Lincoln, zanim został postrzelony w 1865 roku? Oglądał spektakl w Ford's Theatre
71%
Która epoka była pierwsza? Epoka kamienia łupanego
69%
Jaki kraj był wcześniej znany jako Rodezja Południowa? Zimbabwe
67%
Czym był drednot? Typ pancernika
63%
Czy w porównaniu do sytuacji sprzed 50 lat Francuzi piją więcej czy mniej wina? Mniej
56%
Jakie zwierzę jako pierwsze okrążyło Ziemię? Pies Łajka
52%
Jakie było pierwotne przeznaczenie Tadź Mahal? Mauzoleum
50%
Które z tych upraw NIE pochodziły z Nowego Świata? Konopie
48%
Do czego dynastia Qing zmuszała wszystkich mężczyzn, gdy przejęła władzę w Chinach w XVI wieku? Nosić określoną fryzurę
46%
Który rok uznaje się za początek Młodej Polski? 1891
45%
Co Kostaryka zniosła w 1949 roku? Armię
37%
Kto wysnuł teorię, że liczba ludności rośnie w postępie geometrycznym, a produkcja żywności – w arytmetycznym, przez co nieunikniony jest stan przeludnienia. Thomas Robert Malthus
31%
Gdzie Karol Marks spędził większość swojego dorosłego życia? Londyn
30%
Nie znaleziono quizów pasujących do podanych kryteriów
Rozkład punktacji
Procent ludzi z każdym wynikiem
Percentyl według liczby udzielonych odpowiedzi
Twoja historia wyników
Nie rozwiązałeś tego quizu